000 00336nam a2200145Ia 4500
008 150201s2009 xx 000 0 und d
082 _a617.3
_bP09M
100 _aMERCIER, L.R.
245 _aPRACTICAL ORTHOPEDICS
250 _a6TH
260 _bELSEVIER
_aDELHI
_c2009
300 _a1-548
650 _aORTHOPAEDICS
942 _2ddc
_cBK
_01
999 _c336
_d336